An account of the preservation of King Charles II : after the battle of Worcester, drawn up by himself. To which are added, his letters to several persons.

Bibliographic Details
Main Author: Charles II, King of England, 1630-1685
Corporate Author: Gale (Firm)
Format: eBook
Language:English
Subjects:
Online Access:Connect to the full text of this electronic book

MARC

Tag First Indicator Second Indicator Subfields
LEADER 00000cam a2200000 4500
001 in00003845713
005 20190415182756.0
006 m o d
007 cr |n||||||||n
008 850308s1766 stk|||| o 00||||eng c
035 |a (CU-RivES)N16076 
035 |a (Uk-ES)006006713 
035 |a (OCoLC)645785629 
040 |a CU-RivES  |c CU-RivES  |d CU-RivES  |d CStRLIN  |d CU-RivES  |d Cengage Gale  |d UtOrBLW 
050 4 |a DA446  |b .C437 1766 
100 0 |a Charles  |b II,  |c King of England,  |d 1630-1685.  |0 http://id.loc.gov/authorities/names/n79074258 
245 1 3 |a An account of the preservation of King Charles II :  |b after the battle of Worcester, drawn up by himself. To which are added, his letters to several persons. 
264 3 |a Glasgow :  |b printed by Robert and Andrew Foulis, and sold by John Balfour bookseller in Edinburgh,  |c 1766. 
300 |a 1 online resource (viii,190 pages)  
336 |a text  |b txt  |2 rdacontent 
337 |a computer  |b c  |2 rdamedia 
338 |a online resource  |b cr  |2 rdacarrier 
500 |a Dictated to Samuel Pepys by the King; printed from a manuscript in the Pepysian Collection, Magdalen College, Cambridge (preface). 
500 |a Preface signed: Dav. Dalrymple [the editor]. 
500 |a Half-title: 'An account of His Majesty's escape from Worcester, dictated to Mr. Pepys by the King himself'. 
510 4 |a Gaskell,  |c 449. 
510 4 |a English Short Title Catalog,  |c N16076. 
500 |a Reproduction of original from University of Texas. 
500 |a Electronic resource. 
600 0 0 |a Charles  |b II,  |c King of England,  |d 1630-1685.  |0 http://id.loc.gov/authorities/names/n79074258 
648 7 |a 1701-1800  |2 local 
655 7 |a Electronic books.  |2 local 
710 2 |a Gale (Firm)  |0 http://id.loc.gov/authorities/names/no2008071348 
752 |a Great Britain  |b Scotland  |d Glasgow. 
856 4 0 |u http://proxy.library.tamu.edu/login?url=http://find.galegroup.com/ecco/infomark.do?contentSet=ECCOArticles&docType=ECCOArticles&bookId=1757700100&type=getFullCitation&tabID=T001&prodId=ECCO&docLevel=TEXT_GRAPHICS&version=1.0&source=library&userGroupName=txshracd2898  |z Connect to the full text of this electronic book  |t 0 
999 f f |s db50a7dd-7b2b-3f5d-9279-f70d16081ca8  |i c5aab5dd-b8cf-3527-9a64-1ea6bf9e26eb  |t 0 
952 f f |a Texas A&M University  |b College Station  |c Electronic Resources  |d Available Online  |t 0  |e DA446 .C437 1766  |h Library of Congress classification 
998 f f |a DA446 .C437 1766  |t 0  |l Available Online